| 000 | 00483nam a22001697a 4500 | ||
|---|---|---|---|
| 999 |
_c6076 _d6076 |
||
| 003 | GBCCL | ||
| 005 | 20241126110555.0 | ||
| 008 | 180430b ||||| |||| 00| 0 eng d | ||
| 040 | _cgbc | ||
| 082 |
_a225 _bSER |
||
| 245 |
_aSerendipity New Testament for groups / _cEdited by Lyman Coleman, et. al. |
||
| 250 | _a2nd ed. | ||
| 260 |
_aLittleton: _bSerendipity House, _c1987 |
||
| 300 |
_a127 p.; _bill., _c23 cm. |
||
| 650 |
_aBible _vNew Testament _xText Books _910943 |
||
| 942 |
_2ddc _cBK |
||